| 000 | 00926nam a2200205 i 4500 | ||
|---|---|---|---|
| 001 | bg | ||
| 245 | 0 | 0 |
_aKształcenie ustawiczne inżynierów i menedżerów u progu III tysiąclecia : _bIII ogólnopolska konferencja pod patronatem Ministra Edukacji Narodowej, Kielce 25-27 października 1999 : materiały pokonferencyjne. |
| 260 |
_aKielce : _bPolitechnika Świętokrzyska, _c1999. |
||
| 300 |
_a40 s. ; _c24 cm. |
||
| 500 | _aPublikacja ukazuje się jako aneks do Zeszytu Naukowego 27 serii Nauki Ekonomiczne. - Na okł. i s. red. zbędny ISSN. | ||
| 650 | 9 |
_aInżynierowie _xszkolenie _zEuropa _yod 1989 r. |
|
| 650 | 9 |
_aKształcenie ustawiczne _zEuropa _yod 1989 r. |
|
| 650 | 9 |
_aMenedżerowie _xszkolenie _zEuropa _yod 1989 r. |
|
| 655 | _aMateriały konferencyjne | ||
| 040 | _cBPK | ||
| 041 | 0 | _apl | |
| 080 | _a372.862+37.018.52-057.17](4)"1989/..."(061) | ||
| 942 | _cKS | ||
| 008 | s pl f |000 0 pol | ||
| 999 |
_c39013 _d39013 |
||
| 856 |
_uhttp://koha.tu.koszalin.pl/cgi-bin/koha/opac-detail.pl?biblionumber=39013 _yKatalog online BPK |
||